USA:n osavaltioiden pääkaupungit - Statistics

Yleistilastot
  • Tätä visaa on pelattu 1 050 kertaa
  • Keskiarvotulos 24 / 50
Vastaustilastot
Osavaltio Pääkaupunki % Oikein
Massachusetts Boston
74%
Texas Austin
73%
Havaiji Honolulu
71%
Colorado Denver
68%
Arizona Phoenix
67%
Kalifornia Sacramento
67%
Georgia Atlanta
63%
Indiana Indianapolis
62%
Oklahoma Oklahoma City
60%
Utah Salt Lake City
60%
Florida Tallahassee
60%
Tennessee Nashville
59%
New York Albany
54%
Ohio Columbus
54%
Alaska Juneau
53%
Pohjois-Carolina Raleigh
52%
Alabama Montgomery
49%
New Mexico Santa Fe
49%
Illinois Springfield
49%
Mississippi Jackson
48%
Montana Helena
47%
Arkansas Little Rock
47%
Idaho Boise
45%
Washington Olympia
45%
Maryland Annapolis
43%
Etelä-Carolina Columbia
43%
Delaware Dover
43%
Minnesota Saint Paul
43%
Oregon Salem
42%
Louisiana Baton Rouge
41%
Missouri Jefferson City
41%
Wyoming Cheyenne
40%
Länsi-Virginia Charleston
39%
Iowa Des Moines
39%
Nebraska Lincoln
39%
Wisconsin Madison
39%
Connecticut Hartford
38%
Etelä-Dakota Pierre
38%
Virginia Richmond
38%
New Jersey Trenton
37%
Maine Augusta
36%
Pohjois-Dakota Bismarck
36%
Kansas Topeka
36%
Nevada Carson City
35%
Kentucky Frankfort
35%
Pennsylvania Harrisburg
35%
Vermont Montpelier
35%
Michigan Lansing
34%
Rhode Island Providence
34%
New Hampshire Concord
33%
Ehtoja vastaavia visoja ei löytynyt
Tulosjakauma
Jokaisen tuloksen saaneiden osuus
Persentiili vastausten määrän mukaan
Tuloshistoriasi
Et ole pelannut tätä visaa